[Event "15PCR_PF4"]
[Site "?"]
[Date "2004.??.??"]
[Round "?"]
[White "Jirku, Jaroslav"]
[Black "Ksir, Bohumil"]
[Result "1-0"]
[WhiteElo "2244"]
[BlackElo "2151"]
[PlyCount "85"]
[EventDate "2004.??.??"]
[SourceDate "2005.03.08"]

1. e4 c5 2. Nf3 Nc6 3. d4 cxd4 4. Nxd4 Nf6 5. Nc3 e5 6. Ndb5 d6 7. Bg5 a6 8.
Na3 b5 9. Nd5 Be7 10. Bxf6 Bxf6 11. c3 Bg5 12. Nc2 O-O 13. a4 bxa4 14. Rxa4 a5
15. Bc4 Rb8 16. b3 Ne7 17. Nce3 Bb7 18. Nxe7+ Bxe7 19. Nd5 Ra8 20. O-O Bg5 21.
Qd3 Kh8 22. Ra2 Bc6 23. Rfa1 g6 24. Bb5 Bb7 25. Rd1 f5 26. exf5 Rxf5 27. c4 Rf8
28. Ne3 Qe7 29. Qxd6 Rfd8 30. Qxe7 Rxd1+ 31. Nxd1 Bxe7 32. Rd2 Bc5 33. Rd7 Be4
34. Ne3 h5 35. h4 Rc8 36. Rd2 Kg7 37. Kh2 Kf6 38. Kh3 Rf8 39. Kg3 Ke7 40. Nd1
Rd8 41. Rxd8 Kxd8 42. Nc3 Bc2 43. Ba4 1-0

[Event "15PCR_PF4"]
[Site "?"]
[Date "2004.??.??"]
[Round "?"]
[White "Jirku, Jaroslav"]
[Black "Popelka, Miloslav"]
[Result "1/2-1/2"]
[WhiteElo "2244"]
[BlackElo "2003"]
[PlyCount "73"]
[EventDate "2004.??.??"]
[SourceDate "2005.03.08"]

1. e4 e5 2. Nf3 Nc6 3. Bb5 a6 4. Ba4 Nf6 5. O-O Be7 6. Re1 b5 7. Bb3 O-O 8. c3
d6 9. h3 Nb8 10. d4 Nbd7 11. Nbd2 Bb7 12. Bc2 Re8 13. Nf1 Bf8 14. Ng3 g6 15. a4
c5 16. d5 c4 17. Bg5 h6 18. Be3 Nc5 19. Qd2 h5 20. Bg5 Be7 21. Bh6 Nh7 22. Ra3
Rb8 23. Be3 Bf6 24. axb5 axb5 25. Rea1 Qc7 26. Qd1 Ra8 27. Qb1 Rxa3 28. Rxa3
Ra8 29. Qa2 Rxa3 30. Qxa3 Bc8 31. Qa1 Bd8 32. Qb1 Nf6 33. Nd2 Nh7 34. Nf3 Nf6
35. Bg5 Nfd7 36. Bh6 Qa5 37. Ne2 1/2-1/2

[Event "15PCR_PF4"]
[Site "?"]
[Date "2004.??.??"]
[Round "?"]
[White "Jirku, Jaroslav"]
[Black "Svrsek, Radomir"]
[Result "1/2-1/2"]
[WhiteElo "2244"]
[BlackElo "2194"]
[PlyCount "109"]
[EventDate "2004.??.??"]
[SourceDate "2005.03.08"]

1. e4 c6 2. d4 d5 3. Nc3 dxe4 4. Nxe4 Nd7 5. Nf3 Ngf6 6. Ng3 e6 7. Bd3 c5 8.
O-O cxd4 9. Nxd4 Bc5 10. Nb3 Bd6 11. Re1 Qc7 12. Nd4 Bxg3 13. fxg3 O-O 14. Nb5
Qc6 15. Be3 a6 16. Nd4 Qc7 17. c3 b6 18. Qe2 Re8 19. Rad1 Bb7 20. Nb3 b5 21.
Bc1 Bd5 22. g4 Bc4 23. Bxc4 bxc4 24. Nd2 Rec8 25. g5 Nd5 26. Nb1 Qb6+ 27. Kh1
Rc5 28. Rd4 Qc7 29. Na3 Rc8 30. Re4 Nf8 31. Rd1 Ng6 32. Rdd4 Nb6 33. Be3 Qc6
34. Bf2 Rxg5 35. Nxc4 Nd5 36. Bg3 Nf6 37. Ne5 Nxe5 38. Rxe5 Rxe5 39. Bxe5 Ne8
40. Bg3 f6 41. b3 e5 42. Rc4 Qb5 43. a4 Qd7 44. Rxc8 Qxc8 45. Qd3 Qc6 46. c4
Nd6 47. Bf2 h6 48. c5 Ne8 49. Qd8 Kf7 50. Qa5 Ke7 51. Qd2 Nc7 52. b4 f5 53. h3
Ne6 54. Kh2 Kf6 55. Qc2 1/2-1/2

[Event "15PCR_PF4"]
[Site "?"]
[Date "2004.??.??"]
[Round "?"]
[White "Kotrc, Michal"]
[Black "Ksir, Bohumil"]
[Result "1-0"]
[WhiteElo "2131"]
[BlackElo "2151"]
[PlyCount "41"]
[EventDate "2004.??.??"]
[SourceDate "2005.03.08"]

1. e4 c5 2. Nf3 Nc6 3. d4 cxd4 4. Nxd4 Nf6 5. Nc3 e5 6. Ndb5 d6 7. a4 a6 8. Na3
Be6 9. Bg5 Rc8 10. Nc4 Nd4 11. Bxf6 gxf6 12. Nd5 Bxd5 13. exd5 b5 14. axb5 Nxb5
15. c3 Bh6 16. Rxa6 Rb8 17. Bd3 Qc7 18. O-O Kf8 19. Qh5 Bg5 20. h4 Bf4 21. Rc6
1-0

[Event "15PCR_PF4"]
[Site "?"]
[Date "2004.??.??"]
[Round "?"]
[White "Kotrc, Michal"]
[Black "Popelka, Miloslav"]
[Result "0-1"]
[WhiteElo "2131"]
[BlackElo "2003"]
[PlyCount "96"]
[EventDate "2004.??.??"]
[SourceDate "2005.03.08"]

1. e4 e5 2. Nf3 Nc6 3. Bb5 a6 4. Ba4 Nf6 5. O-O Be7 6. Re1 b5 7. Bb3 d6 8. c3
O-O 9. h3 Bb7 10. d4 Re8 11. a4 h6 12. Nbd2 exd4 13. cxd4 Nb4 14. axb5 axb5 15.
Rxa8 Qxa8 16. e5 Nh5 17. e6 f5 18. Nb1 Bxf3 19. gxf3 c5 20. Nc3 c4 21. Bc2 Nxc2
22. Qxc2 Rf8 23. Kg2 Qb7 24. b4 d5 25. Re5 Nf6 26. Qb1 Qb6 27. Be3 f4 28. Bxf4
Qxd4 29. Ne2 Qd3 30. Qxd3 cxd3 31. Nc1 Bd6 32. Nxd3 Bxe5 33. Bxe5 Re8 34. Bxf6
gxf6 35. Nf4 d4 36. Kf1 Kf8 37. Ke2 Ke7 38. Kd3 Rd8 39. h4 Rd6 40. h5 Rd8 41.
Ke4 d3 42. Nxd3 f5+ 43. Ke3 Kxe6 44. f4 Kd5 45. Ne5 Ra8 46. Kd3 Ra3+ 47. Kd2
Rb3 48. Kc2 Rh3 0-1

[Event "15PCR_PF4"]
[Site "?"]
[Date "2004.??.??"]
[Round "?"]
[White "Kotrc, Michal"]
[Black "Struzka, Vlastimil"]
[Result "1/2-1/2"]
[WhiteElo "2131"]
[BlackElo "2194"]
[PlyCount "89"]
[EventDate "2004.??.??"]
[SourceDate "2005.03.08"]

1. e4 c5 2. Nf3 Nc6 3. d4 cxd4 4. Nxd4 d5 5. Nxc6 bxc6 6. exd5 Qxd5 7. Nd2 Bf5
8. c4 Qd6 9. Be2 Nf6 10. O-O Qc7 11. Bf3 e6 12. Qa4 Rc8 13. Nb3 Bd6 14. h3 O-O
15. Nd4 Be4 16. Bxe4 Nxe4 17. Qc2 Nc5 18. b4 Bh2+ 19. Kh1 Be5 20. Bb2 Rfd8 21.
Rfd1 Nd7 22. Nf3 Bxb2 23. Qxb2 c5 24. b5 f6 25. Qe2 e5 26. a4 Nf8 27. Kg1 Qf7
28. a5 Qc7 29. Qe4 Ne6 30. Rxd8+ Rxd8 31. a6 Qd6 32. Kf1 Nd4 33. Nxd4 cxd4 34.
Qb7 d3 35. b6 Qd4 36. Rd1 Qxb6 37. Qxb6 axb6 38. Rb1 Rc8 39. Rb4 Kf7 40. Ke1 e4
41. Kd2 f5 42. f3 Rd8 43. Rb2 Ke7 44. fxe4 fxe4 45. Ke3 1/2-1/2

[Event "15PCR_PF4"]
[Site "?"]
[Date "2004.??.??"]
[Round "?"]
[White "Krouzel, Jaroslav"]
[Black "Kotrc, Michal"]
[Result "1-0"]
[WhiteElo "2334"]
[BlackElo "2131"]
[PlyCount "95"]
[EventDate "2004.??.??"]
[SourceDate "2005.03.08"]

1. d4 Nf6 2. c4 e6 3. Nc3 Bb4 4. Qc2 O-O 5. a3 Bxc3+ 6. Qxc3 h6 7. g3 d5 8. Bg2
dxc4 9. Qxc4 Nc6 10. Nf3 Bd7 11. O-O Nd5 12. b4 a6 13. e4 Nb6 14. Qc2 f6 15.
Be3 e5 16. d5 Ne7 17. a4 Nbc8 18. Rfc1 c6 19. dxc6 Nxc6 20. b5 axb5 21. axb5
Rxa1 22. Rxa1 N6e7 23. b6 Nc6 24. Rd1 Rf7 25. Nh4 Kh7 26. Rd2 Qe8 27. f4 g5 28.
fxg5 hxg5 29. Nf5 Bxf5 30. exf5 Nd4 31. Bxd4 exd4 32. Bd5 Qe3+ 33. Rf2 Rf8 34.
Qc5 Qe7 35. Qc7 d3 36. Be6 Kh6 37. h4 g4 38. Qc1+ Kh7 39. Qf4 Nxb6 40. Rb2 Rd8
41. Qxg4 Qg7 42. Qxg7+ Kxg7 43. Rxb6 d2 44. Bb3 d1=Q+ 45. Bxd1 Rxd1+ 46. Kg2
Rd2+ 47. Kf3 Rd3+ 48. Kg4 1-0

[Event "15PCR_PF4"]
[Site "?"]
[Date "2004.??.??"]
[Round "?"]
[White "Krouzel, Jaroslav"]
[Black "Ksir, Bohumil"]
[Result "1/2-1/2"]
[WhiteElo "2334"]
[BlackElo "2151"]
[PlyCount "66"]
[EventDate "2004.??.??"]
[SourceDate "2005.03.08"]

1. d4 d5 2. c4 e6 3. Nc3 Nf6 4. Bg5 Be7 5. e3 h6 6. Bh4 O-O 7. Nf3 b6 8. Bd3
dxc4 9. Bxc4 Bb7 10. O-O Nbd7 11. Qe2 Ne4 12. Bg3 Bd6 13. Nxe4 Bxe4 14. Bxd6
cxd6 15. Ba6 Nb8 16. Bb5 Nd7 17. Rac1 Nf6 18. Ba6 Qd7 19. Nd2 Bb7 20. Bb5 Qe7
21. e4 Rfc8 22. h3 Rc7 23. Rxc7 Qxc7 24. Bd3 Rc8 25. f4 Qd7 26. Qf2 Rd8 27. Qe3
Qa4 28. a3 d5 29. e5 Ne4 30. Kh2 Ba6 31. Bxa6 Qxa6 32. Rc1 Nxd2 33. Qxd2 Rc8
1/2-1/2

[Event "15PCR_PF4"]
[Site "?"]
[Date "2004.??.??"]
[Round "?"]
[White "Krouzel, Jaroslav"]
[Black "Popelka, Miloslav"]
[Result "1/2-1/2"]
[WhiteElo "2334"]
[BlackElo "2003"]
[PlyCount "87"]
[EventDate "2004.??.??"]
[SourceDate "2005.03.08"]

1. d4 Nf6 2. c4 e6 3. Nc3 Bb4 4. Qc2 O-O 5. a3 Bxc3+ 6. Qxc3 Ne4 7. Qc2 d5 8.
Nf3 c5 9. dxc5 Nd7 10. cxd5 exd5 11. Be3 Ndf6 12. Bd4 Bd7 13. b4 Re8 14. Nd2
Rc8 15. e3 Nxd2 16. Qxd2 Ne4 17. Qb2 Qg5 18. Rc1 f6 19. h4 Qg6 20. h5 Qg5 21.
h6 g6 22. g3 Re7 23. Bd3 Bg4 24. Kf1 Qf5 25. Kg1 Rf7 26. Rh4 Bf3 27. Bf1 g5 28.
Rh2 a6 29. a4 Qe6 30. Qc2 Rfc7 31. a5 Rf7 32. Bg2 Bxg2 33. Kxg2 g4 34. Rh5 Ng5
35. Qd3 Rd8 36. Rd1 Rff8 37. Bb2 d4 38. exd4 Qf7 39. Rdh1 Qd5+ 40. Kf1 Rfe8 41.
Bc1 Re4 42. Be3 Rde8 43. R1h2 Kh8 44. Qc2 1/2-1/2

[Event "15PCR_PF4"]
[Site "?"]
[Date "2004.??.??"]
[Round "?"]
[White "Krouzel, Jaroslav"]
[Black "Portych, Vaclav"]
[Result "0-1"]
[WhiteElo "2334"]
[BlackElo "2124"]
[PlyCount "52"]
[EventDate "2004.??.??"]
[SourceDate "2005.03.08"]

1. d4 Nf6 2. c4 e6 3. Nc3 Bb4 4. Qc2 O-O 5. a3 Bxc3+ 6. Qxc3 b6 7. Bg5 Bb7 8.
f3 h6 9. Bh4 d5 10. e3 Nbd7 11. cxd5 Nxd5 12. Bxd8 Nxc3 13. Bh4 Nd5 14. Bf2 c5
15. Bb5 N5f6 16. Ne2 a6 17. Ba4 b5 18. Bc2 cxd4 19. Nxd4 Bd5 20. e4 Bb7 21. Rc1
Rfc8 22. Ke2 Kf8 23. Rhd1 Ke8 24. Be1 Nb6 25. b3 g6 26. Bb4 e5 0-1

[Event "15PCR_PF4"]
[Site "?"]
[Date "2004.??.??"]
[Round "?"]
[White "Krouzel, Jaroslav"]
[Black "Struzka, Vlastimil"]
[Result "1-0"]
[WhiteElo "2334"]
[BlackElo "2194"]
[PlyCount "121"]
[EventDate "2004.??.??"]
[SourceDate "2005.03.08"]

1. d4 d5 2. c4 e6 3. Nc3 Nf6 4. Bg5 c6 5. e3 dxc4 6. Bxc4 Qa5 7. Bxf6 gxf6 8.
Nf3 Nd7 9. Qc2 Nb6 10. Be2 Rg8 11. g3 Nd5 12. O-O Rg7 13. a3 Nxc3 14. bxc3 Be7
15. c4 c5 16. d5 Qc7 17. Rad1 Bd6 18. Rd2 Qe7 19. dxe6 fxe6 20. Rfd1 Bc7 21.
Nh4 Kf8 22. Bf3 Rb8 23. Ng2 Kg8 24. Nf4 a6 25. a4 Kh8 26. Bg2 b5 27. cxb5 axb5
28. axb5 Rxb5 29. h4 Be5 30. Nd3 Bc7 31. Rc1 Bd6 32. Nb2 Rb4 33. Rcd1 Bc7 34.
Nc4 Ba6 35. Nd6 c4 36. Rd4 Rb6 37. Nxc4 Rb4 38. Nd2 Rxd4 39. exd4 Be2 40. Ra1
Bb6 41. Ne4 Bg4 42. Qb2 Bd8 43. Qb8 Qf8 44. Nc5 Rg8 45. Ra7 Bf5 46. Be4 Bxe4
47. Nxe4 f5 48. Qe5+ Rg7 49. Rxg7 Qxg7 50. Qb8 Qc7 51. Qxc7 Bxc7 52. Ng5 e5 53.
dxe5 Kg8 54. e6 Bd6 55. Nf7 Bf8 56. Ne5 Kg7 57. Nd7 Be7 58. h5 Kh6 59. Nb6 Ba3
60. Nd5 Kxh5 61. e7 1-0

[Event "15PCR_PF4"]
[Site "?"]
[Date "2004.??.??"]
[Round "?"]
[White "Krouzel, Jaroslav"]
[Black "Svrsek, Radomir"]
[Result "1/2-1/2"]
[WhiteElo "2334"]
[BlackElo "2194"]
[PlyCount "52"]
[EventDate "2004.??.??"]
[SourceDate "2005.03.08"]

1. d4 Nf6 2. c4 e6 3. Nc3 d5 4. Bg5 c6 5. e3 Nbd7 6. Nf3 Qa5 7. Nd2 Bb4 8. Qc2
dxc4 9. Bxf6 Nxf6 10. Nxc4 Qh5 11. Be2 Qh4 12. O-O O-O 13. Ne5 Nd5 14. Ne4 Be7
15. a3 Bd8 16. Rac1 Bc7 17. Rfd1 f6 18. Nf3 Qh5 19. Nc5 Rd8 20. g3 Ne7 21. Ne1
Qf7 22. Bf3 Nd5 23. Bg2 b6 24. Ne4 Bd7 25. Nd3 Rac8 26. b4 Kh8 1/2-1/2

[Event "15PCR_PF4"]
[Site "?"]
[Date "2004.??.??"]
[Round "?"]
[White "Ksir, Bohumil"]
[Black "Jirku, Jaroslav"]
[Result "0-1"]
[WhiteElo "2151"]
[BlackElo "2244"]
[PlyCount "86"]
[EventDate "2004.??.??"]
[SourceDate "2005.03.08"]

1. d4 d5 2. c4 e6 3. Nc3 Nf6 4. Bg5 Be7 5. e3 O-O 6. Nf3 h6 7. Bh4 b6 8. Rc1
Bb7 9. Bxf6 Bxf6 10. cxd5 exd5 11. Bd3 c5 12. O-O Nd7 13. Bf5 g6 14. Bxd7 cxd4
15. Bc6 Bxc6 16. Nxd4 Bb7 17. Qa4 Qe7 18. Rfd1 Rfc8 19. Rd2 Rc4 20. Qb3 Qc5 21.
Rcd1 Rd8 22. a3 Be5 23. Rd3 Bc8 24. Nf3 Bxc3 25. Rxc3 Rxc3 26. Qxc3 Qxc3 27.
bxc3 Rd7 28. Nd4 Rc7 29. Rc1 Ba6 30. f3 f6 31. Ne6 Re7 32. Nf4 Bc4 33. Kf2 Kf7
34. h4 g5 35. hxg5 hxg5 36. Ne2 a6 37. Rh1 Kg6 38. Nd4 Rc7 39. e4 dxe4 40. fxe4
Ba2 41. Rc1 Rc5 42. Ra1 Bf7 43. Rb1 b5 0-1

[Event "15PCR_PF4"]
[Site "?"]
[Date "2004.??.??"]
[Round "?"]
[White "Ksir, Bohumil"]
[Black "Kotrc, Michal"]
[Result "1-0"]
[WhiteElo "2151"]
[BlackElo "2131"]
[PlyCount "79"]
[EventDate "2004.??.??"]
[SourceDate "2005.03.08"]

1. d4 Nf6 2. c4 e6 3. Nc3 Bb4 4. Nf3 b6 5. Bg5 Bb7 6. e3 Bxc3+ 7. bxc3 Qe7 8.
Bd3 d6 9. O-O e5 10. Nd2 h6 11. Be4 c6 12. Bh4 g5 13. Bg3 c5 14. Bxb7 Qxb7 15.
f4 gxf4 16. exf4 exd4 17. cxd4 Nbd7 18. f5 cxd4 19. Re1+ Ne5 20. c5 O-O 21.
cxd6 Ned7 22. Nf3 Rfe8 23. Qxd4 Re4 24. Rxe4 Qxe4 25. Bf4 h5 26. Qxe4 Nxe4 27.
Re1 Ndc5 28. Nd4 Re8 29. Nc6 Kg7 30. Be5+ Rxe5 31. Nxe5 Nxd6 32. Nd7 Nce4 33.
Re3 b5 34. f6+ Kg6 35. Ra3 Nc4 36. Rxa7 Kf5 37. Rc7 Ncd6 38. Nc5 Nxf6 39. Nb7
Nde4 40. a3 1-0

[Event "15PCR_PF4"]
[Site "?"]
[Date "2004.??.??"]
[Round "?"]
[White "Ksir, Bohumil"]
[Black "Krouzel, Jaroslav"]
[Result "1/2-1/2"]
[WhiteElo "2151"]
[BlackElo "2334"]
[PlyCount "85"]
[EventDate "2004.??.??"]
[SourceDate "2005.03.08"]

1. Nf3 f5 2. g3 Nf6 3. Bg2 d6 4. d4 g6 5. O-O Bg7 6. c4 O-O 7. Nc3 Qe8 8. d5
Na6 9. Rb1 c5 10. dxc6 bxc6 11. b4 Rb8 12. b5 cxb5 13. cxb5 Nc5 14. Nd4 Bb7 15.
Bxb7 Rxb7 16. Nc6 Qf7 17. Be3 Nfd7 18. Qc2 Ra8 19. Rfd1 a6 20. Nd5 axb5 21.
Ndxe7+ Kf8 22. Nd5 Rc8 23. Nce7 Ra8 24. Nc6 Rc8 25. Nce7 Ra8 26. Bf4 Ne5 27.
Nc6 Ne6 28. Bxe5 dxe5 29. Nc3 Nd4 30. Nxd4 exd4 31. Nxb5 Qxa2 32. Qc5+ Kg8 33.
Ra1 Qxa1 34. Rxa1 Rxa1+ 35. Kg2 Rb8 36. Qd5+ Kh8 37. Nd6 h5 38. Qf7 Kh7 39. Ne8
Rxe8 40. Qxe8 Ra3 41. Qb5 Rc3 42. h4 Kh6 43. Qd7 1/2-1/2

[Event "15PCR_PF4"]
[Site "?"]
[Date "2004.??.??"]
[Round "?"]
[White "Ksir, Bohumil"]
[Black "Popelka, Miloslav"]
[Result "1/2-1/2"]
[WhiteElo "2151"]
[BlackElo "2003"]
[PlyCount "82"]
[EventDate "2004.??.??"]
[SourceDate "2005.03.08"]

1. c4 e5 2. Nc3 Nf6 3. Nf3 Nc6 4. e3 Bb4 5. Qc2 Bxc3 6. Qxc3 Qe7 7. Be2 d5 8.
d4 exd4 9. Nxd4 Nxd4 10. Qxd4 c5 11. Qh4 dxc4 12. Bxc4 O-O 13. O-O Qe5 14. Be2
Be6 15. Bf3 Bd5 16. Be2 Rfd8 17. f3 a6 18. e4 b5 19. Qg5 Qd4+ 20. Qe3 Bc4 21.
Bxc4 Qxc4 22. Qf2 Nd7 23. Bf4 Nf8 24. Be3 Ne6 25. Rfe1 Qb4 26. Rad1 c4 27. f4
Rxd1 28. Rxd1 Qa4 29. Ra1 Rd8 30. f5 Rd1+ 31. Rxd1 Qxd1+ 32. Qf1 Qxf1+ 33. Kxf1
Nd8 34. Ke2 Kf8 35. Kd2 Nc6 36. Kc3 Ke7 37. g4 Kd6 38. Bf4+ Kc5 39. Be3+ Kd6
40. Bf4+ Kc5 41. a3 a5 1/2-1/2

[Event "15PCR_PF4"]
[Site "?"]
[Date "2004.??.??"]
[Round "?"]
[White "Ksir, Bohumil"]
[Black "Portych, Vaclav"]
[Result "1/2-1/2"]
[WhiteElo "2151"]
[BlackElo "2124"]
[PlyCount "60"]
[EventDate "2004.??.??"]
[SourceDate "2005.03.08"]

1. e4 c5 2. c3 Nf6 3. e5 Nd5 4. d4 cxd4 5. Nf3 Nc6 6. Bc4 Nb6 7. Bb3 d5 8. exd6
Qxd6 9. O-O Be6 10. Na3 dxc3 11. Qe2 Bxb3 12. Nb5 Qb8 13. axb3 e5 14. Nbd4 Nxd4
15. Nxd4 cxb2 16. Bxb2 f6 17. f4 Bc5 18. b4 Bxd4+ 19. Bxd4 O-O 20. fxe5 Nd7 21.
exf6 Nxf6 22. Qe6+ Rf7 23. Bxf6 gxf6 24. Rxf6 Qc7 25. Raf1 Raf8 26. Qg4+ Kh8
27. Rxf7 Rxf7 28. Rxf7 Qxf7 29. Qd4+ Kg8 30. Qxa7 Qd5 1/2-1/2

[Event "15PCR_PF4"]
[Site "?"]
[Date "2004.??.??"]
[Round "?"]
[White "Ksir, Bohumil"]
[Black "Struzka, Vlastimil"]
[Result "1-0"]
[WhiteElo "2151"]
[BlackElo "2194"]
[PlyCount "123"]
[EventDate "2004.??.??"]
[SourceDate "2005.03.08"]

1. d4 Nf6 2. c4 e6 3. Nf3 d5 4. Bg5 h6 5. Bxf6 Qxf6 6. Nc3 c6 7. Qc2 Nd7 8. e4
dxc4 9. Bxc4 e5 10. O-O Bd6 11. d5 O-O 12. dxc6 bxc6 13. Nd1 Nb6 14. Ne3 Bd7
15. Rad1 Rac8 16. Qc3 Rcd8 17. Bb3 Rfe8 18. Rd3 Bc7 19. Rfd1 Qe7 20. a4 a6 21.
a5 Nc8 22. Qd2 Be6 23. Bxe6 Qxe6 24. Qc3 Rxd3 25. Qxd3 Bxa5 26. Qxa6 Bb4 27.
Nc4 f6 28. b3 Be7 29. h3 Rd8 30. Rd5 Kh7 31. Na5 Rxd5 32. exd5 Qxd5 33. Nxc6
Qd1+ 34. Kh2 Qd7 35. Qc4 Bd6 36. Kg1 Ne7 37. Nxe7 Bxe7 38. Kf1 f5 39. Ke2 e4
40. Nd4 Bf6 41. Ne6 Be7 42. g3 Qa7 43. Qb5 g6 44. Kf1 Bd6 45. Qc6 Qe7 46. Qd5
Bb4 47. Kg2 h5 48. h4 Bd6 49. Kg1 Kh6 50. Kg2 Kh7 51. Qc4 Kh6 52. Qd4 Kh7 53.
Ng5+ Kg8 54. Qc3 Ba3 55. Qc6 Kg7 56. Ne6+ Kh6 57. Qc8 Kh7 58. Nf4 Bd6 59. Nd5
Qe5 60. Qb7+ Kh6 61. Qf7 Bc5 62. Nf6 1-0

[Event "15PCR_PF4"]
[Site "?"]
[Date "2004.??.??"]
[Round "?"]
[White "Ksir, Bohumil"]
[Black "Svrsek, Radomir"]
[Result "0-1"]
[WhiteElo "2151"]
[BlackElo "2194"]
[PlyCount "74"]
[EventDate "2004.??.??"]
[SourceDate "2005.03.08"]

1. d4 Nf6 2. c4 e6 3. Nc3 d5 4. Bg5 dxc4 5. e4 h6 6. Bxf6 Qxf6 7. Bxc4 Qg6 8.
Nf3 Qxg2 9. Rg1 Qh3 10. Qd3 a6 11. d5 e5 12. O-O-O Nd7 13. d6 Bxd6 14. Rg3 Qh5
15. Rxg7 Nc5 16. Qe3 Be6 17. Nd5 Bxd5 18. Bxd5 Rf8 19. Rh7 f5 20. Rxh6 f4 21.
Qxc5 Qxh6 22. Qc3 O-O-O 23. h4 Rfe8 24. h5 Qf6 25. Rg1 Rh8 26. Rg6 Qf8 27. Qb3
c6 28. Be6+ Kb8 29. Bg4 Bc7 30. Rxc6 Rh6 31. Rxh6 Qxh6 32. Qe6 Qf8 33. Qc4 Qg7
34. Be6 Qg2 35. Qe2 Qh1+ 36. Kc2 Qxh5 37. a3 Rd6 0-1

[Event "15PCR_PF4"]
[Site "?"]
[Date "2004.??.??"]
[Round "?"]
[White "Popelka, Miloslav"]
[Black "Jirku, Jaroslav"]
[Result "1/2-1/2"]
[WhiteElo "2003"]
[BlackElo "2244"]
[PlyCount "82"]
[EventDate "2004.??.??"]
[SourceDate "2005.03.08"]

1. d4 d5 2. c4 e6 3. Nf3 Nf6 4. Nc3 Be7 5. Bf4 O-O 6. e3 c5 7. dxc5 Bxc5 8. a3
Nc6 9. Qc2 Qa5 10. O-O-O Be7 11. Kb1 Rd8 12. Nd2 dxc4 13. Nxc4 Rxd1+ 14. Qxd1
Qc5 15. Ka1 Bf8 16. Bd6 Bxd6 17. Qxd6 Qf5 18. f4 Ne8 19. Qd3 Qc5 20. Ne4 Qe7
21. Ng5 g6 22. h4 e5 23. Nxe5 Nxe5 24. fxe5 h6 25. Nf3 Be6 26. Nd4 Rc8 27. Be2
Rc5 28. Qe4 Bc8 29. Qf4 h5 30. Nf3 Bg4 31. Bc4 Qc7 32. e6 fxe6 33. Bd3 Kg7 34.
Ng5 e5 35. Qb4 Nf6 36. Rf1 a5 37. Qb3 Rc6 38. Bb5 Rb6 39. e4 Rd6 40. Kb1 Qe7
41. Qc2 Rd8 1/2-1/2

[Event "15PCR_PF4"]
[Site "?"]
[Date "2004.??.??"]
[Round "?"]
[White "Popelka, Miloslav"]
[Black "Kotrc, Michal"]
[Result "0-1"]
[WhiteElo "2003"]
[BlackElo "2131"]
[PlyCount "74"]
[EventDate "2004.??.??"]
[SourceDate "2005.03.08"]

1. d4 Nf6 2. c4 e6 3. Nf3 b6 4. a3 d5 5. cxd5 exd5 6. Nc3 Bb7 7. g3 g6 8. Bf4
c6 9. Bg2 Bg7 10. O-O O-O 11. Qc1 Re8 12. Bh6 Bh8 13. Qf4 Nbd7 14. Rad1 Qe7 15.
Rfe1 Ne4 16. Nxe4 dxe4 17. Ng5 Nf6 18. e3 c5 19. Qh4 Rad8 20. dxc5 Rxd1 21.
Rxd1 Qxc5 22. Bf1 Bd5 23. Qf4 b5 24. b4 Qc6 25. Bg2 Bb3 26. Rf1 Bc4 27. Rd1 Bd3
28. Bf1 Qc2 29. Re1 Bg7 30. Bxg7 Kxg7 31. Qd6 h6 32. Nh3 g5 33. Qd4 Rc8 34. Ra1
Qd2 35. Bxd3 exd3 36. Rf1 Rc4 37. Qa1 Qc3 0-1

[Event "15PCR_PF4"]
[Site "?"]
[Date "2004.??.??"]
[Round "?"]
[White "Popelka, Miloslav"]
[Black "Krouzel, Jaroslav"]
[Result "1/2-1/2"]
[WhiteElo "2003"]
[BlackElo "2334"]
[PlyCount "98"]
[EventDate "2004.??.??"]
[SourceDate "2005.03.08"]

1. d4 f5 2. g3 Nf6 3. Bg2 d6 4. Nc3 g6 5. Nh3 Bg7 6. O-O O-O 7. Nd5 Nxd5 8.
Bxd5+ e6 9. Bg2 c6 10. Bg5 Qe8 11. Qd2 e5 12. Bh6 Bxh6 13. Qxh6 Nd7 14. Rad1
Nf6 15. c4 Be6 16. dxe5 dxe5 17. b3 Qe7 18. Ng5 a5 19. e4 a4 20. Nxe6 Qxe6 21.
exf5 Qxf5 22. Bh3 Qf3 23. bxa4 Ng4 24. Qc1 Rae8 25. Qc2 Re7 26. c5 e4 27. Qb3+
Qxb3 28. axb3 Ne5 29. Bg2 Nd3 30. Bxe4 Nxc5 31. Bd3 Kg7 32. Bc4 b5 33. axb5
cxb5 34. Bxb5 Nxb3 35. f4 Rc8 36. Kg2 Rc5 37. Ba4 Rc2+ 38. Rf2 Rxf2+ 39. Kxf2
Nc5 40. Bc2 Ra7 41. Rd5 Nd7 42. Ke3 Nf6 43. Rd2 Rd7 44. Rxd7+ Nxd7 45. g4 Nf6
46. Kf3 h6 47. h4 g5 48. hxg5 hxg5 49. fxg5 Nd5 1/2-1/2

[Event "15PCR_PF4"]
[Site "?"]
[Date "2004.??.??"]
[Round "?"]
[White "Popelka, Miloslav"]
[Black "Ksir, Bohumil"]
[Result "1-0"]
[WhiteElo "2003"]
[BlackElo "2151"]
[PlyCount "101"]
[EventDate "2004.??.??"]
[SourceDate "2005.03.08"]

1. d4 Nf6 2. c4 e6 3. Nf3 d5 4. Nc3 dxc4 5. e4 Bb4 6. Bg5 c5 7. Bxc4 cxd4 8.
Nxd4 Qa5 9. Bd2 Qc5 10. Bb5+ Nbd7 11. Nb3 Qb6 12. O-O Bxc3 13. Bxd7+ Bxd7 14.
Bxc3 Nxe4 15. Bxg7 Rg8 16. Bd4 Qb5 17. Rc1 Qg5 18. Qf3 Qd5 19. Nc5 Nf6 20. Qxd5
Nxd5 21. Nxb7 Nf4 22. Kh1 Ne2 23. Rc4 Nxd4 24. Rxd4 Bc6 25. Nd6+ Ke7 26. f3 Bd5
27. Nc4 Rad8 28. Ne3 Bc6 29. Rxd8 Rxd8 30. Rc1 Rd3 31. Rxc6 Rxe3 32. h4 Re2 33.
Rc7+ Kf6 34. Rxa7 Rxb2 35. Kh2 Rc2 36. h5 e5 37. Kh3 h6 38. g3 Rc3 39. Kg4 Rc4+
40. f4 Kg7 41. Kf5 exf4 42. gxf4 Rc5+ 43. Kg4 Kf6 44. a4 Rc1 45. Ra6+ Kg7 46.
Ra5 Ra1 47. Kf5 Ra2 48. Ke5 Re2+ 49. Kd4 Ra2 50. Kc4 Ra1 51. Kb4 1-0

[Event "15PCR_PF4"]
[Site "?"]
[Date "2004.??.??"]
[Round "?"]
[White "Popelka, Miloslav"]
[Black "Portych, Vaclav"]
[Result "1-0"]
[WhiteElo "2003"]
[BlackElo "2124"]
[PlyCount "83"]
[EventDate "2004.??.??"]
[SourceDate "2005.03.08"]

1. d4 Nf6 2. c4 e6 3. Nf3 b6 4. a3 Bb7 5. Nc3 d5 6. cxd5 Nxd5 7. Qc2 Nxc3 8.
Qxc3 Nd7 9. Bg5 Be7 10. Bxe7 Kxe7 11. g3 Rc8 12. Bg2 Nf6 13. O-O Qd6 14. Rfd1
Rhd8 15. b4 c5 16. dxc5 Qxd1+ 17. Rxd1 Rxd1+ 18. Bf1 bxc5 19. bxc5 Bxf3 20.
exf3 Rc7 21. c6 a6 22. Qb4+ Rd6 23. Bxa6 Rcxc6 24. Bf1 h5 25. a4 Rb6 26. Qa3
Nd5 27. a5 Rb7 28. a6 Ra7 29. Qb2 Nf6 30. Qb8 Rdd7 31. h4 g6 32. Kg2 Rdc7 33.
Qb4+ Ke8 34. Qd6 Nd7 35. Bb5 Kd8 36. g4 e5 37. Kg3 Rc8 38. f4 exf4+ 39. Qxf4
hxg4 40. Qxf7 Rc3+ 41. Kg2 Rac7 42. Qxg6 1-0

[Event "15PCR_PF4"]
[Site "?"]
[Date "2004.??.??"]
[Round "?"]
[White "Popelka, Miloslav"]
[Black "Struzka, Vlastimil"]
[Result "1/2-1/2"]
[WhiteElo "2003"]
[BlackElo "2194"]
[PlyCount "105"]
[EventDate "2004.??.??"]
[SourceDate "2005.03.08"]

1. d4 d5 2. c4 e6 3. Nf3 Nf6 4. Nc3 Nbd7 5. Bg5 h6 6. Bh4 c6 7. e3 Qa5 8. Qc2
Ne4 9. cxd5 cxd5 10. Bd3 Nxc3 11. bxc3 b6 12. a4 Ba6 13. O-O Bd6 14. Nd2 Rc8
15. Rfc1 Nb8 16. c4 O-O 17. f4 dxc4 18. Nxc4 Bxc4 19. Bxc4 Rc7 20. Qb3 Rfc8 21.
Be1 Qh5 22. Rc2 Nd7 23. Be2 Qd5 24. Qxd5 exd5 25. Rxc7 Rxc7 26. a5 Nf6 27. axb6
axb6 28. Rb1 Rc6 29. Bf3 Ba3 30. Kf1 Kf8 31. Ke2 Ke8 32. Rb5 Rc2+ 33. Kd3 Rb2
34. Rxb2 Bxb2 35. Bb4 Bc1 36. g4 g6 37. g5 hxg5 38. fxg5 Ne4 39. Bxe4 dxe4+ 40.
Kxe4 Kd7 41. Kd3 b5 42. Bd2 Ba3 43. e4 Be7 44. d5 Bd8 45. Kc3 Ba5+ 46. Kc2 Bb6
47. Kb3 Bc5 48. Bf4 Be7 49. h4 Bc5 50. Bc1 Bf2 51. Kb4 Bxh4 52. Kxb5 Bg3 53.
Kc4 1/2-1/2

[Event "15PCR_PF4"]
[Site "?"]
[Date "2004.??.??"]
[Round "?"]
[White "Popelka, Miloslav"]
[Black "Svrsek, Radomir"]
[Result "1-0"]
[WhiteElo "2003"]
[BlackElo "2194"]
[PlyCount "91"]
[EventDate "2004.??.??"]
[SourceDate "2005.03.08"]

1. d4 Nf6 2. c4 e6 3. Nf3 d5 4. Nc3 c6 5. e3 Nbd7 6. Bd3 dxc4 7. Bxc4 Bd6 8.
O-O O-O 9. Qc2 Qe7 10. Bd2 e5 11. Bb3 a5 12. Ng5 Nb6 13. f4 exf4 14. exf4 Qd7
15. Rae1 Qf5 16. Qc1 Qg6 17. Nge4 Nxe4 18. Nxe4 a4 19. Bc2 f5 20. Nxd6 Qxd6 21.
Bb1 Qg6 22. Bb4 Rf6 23. Be7 Re6 24. Re5 Rxe5 25. fxe5 Be6 26. Qd2 Nd5 27. Bc5
Qg4 28. Rf3 f4 29. Be4 Ne3 30. h3 Qh4 31. Qb4 Re8 32. Rf2 Bc4 33. d5 Qh5 34.
dxc6 b5 35. c7 Qd1+ 36. Kh2 Qd7 37. Bb6 Nd5 38. Rd2 Nxb4 39. Rxd7 Na6 40. Bc6
Nxc7 41. Bxc7 Rc8 42. Rd8+ Rxd8 43. Bxd8 h6 44. Bd7 Kf8 45. e6 Bxe6 46. Bxe6
1-0